| 000 | 00725nam a2200229 a 4500 | ||
|---|---|---|---|
| 001 | 000047135 | ||
| 003 | DO-SdBNP | ||
| 005 | 20230417102258.0 | ||
| 007 | ta | ||
| 008 | 180417s2015 xxua 000 0 spa d | ||
| 020 | _a9790580290120 | ||
| 040 |
_aDO-SdBNP _bspa _cBNPHU |
||
| 082 | 4 |
_bS285o _222 |
|
| 100 | 1 |
_aScarfullery, Rafael _974923 |
|
| 245 | 1 | 0 |
_aOctober suite : _bfor solo guitar / _cRafael Scarfullery. |
| 260 |
_aEstados Unidos de América : _bScarfullery Music, _c2015. |
||
| 300 |
_a6 p. : _bil. ; _c30 cm. |
||
| 500 | _aIncluye datos del autor | ||
| 505 | 0 |
_aLeaves falling -- _tChanging colors -- _tDance of the trees -- _tPerplexity -- _tUnder the rain. |
|
| 590 | _aInventariado, 2018/LP | ||
| 942 |
_2ddc _cLF2 |
||
| 999 |
_c46623 _d46623 |
||